000 00828nam a22002531u 4500
001 04700
003 HDC
007 cr bn ---
008 210117p my go d 00 engg
040 _aHDC
110 _aAsia-Pacific Economic Cooperation (APEC)
245 0 _aBrunei Halal Brand
260 _a[No Place] :
_b[publisher not identified],
_c[no year]
300 _a17 pages :
_billustrations
336 _atext
_2rdacontent
337 _acomputer
_2rdamedia
338 _aonline resource
_2rdacarrier
650 _aHalal brand
_9519
650 _aHalal food industry
_9128
856 _zRequest full-text at [email protected]
942 _2lcc
942 _cSLIDE
942 _kSLID 000333
999 _c2025
_d2025